000 00434nam a22001697a 4500
005 20180612161350.0
008 160620b xxu||||| |||| 00| 0 eng d
020 _a81-259-1852-3
041 _aeng
082 _b8438
_a657
100 _aMaheshwari, s. Nand S.K.
_92302
245 _aFinancial Accounting
260 _aNew Delhi
_bVikas Publishing House (P) Ltd.
_c2008
300 _a4.253
650 _aManagement
_9241
942 _cBK
999 _c3227
_d3226